01146nam a2200241 a 450000100100000000500170001000800410002702000180006804000250008608200150011110000340012624500990016024600780025926000480033730000210038549000250040650000740043183000310050595201190053695201130065595201190076899900170088700004218020201002040005.0131118s2013 pr 000 0 spa d a9789945581058 aDO-SdBNPbspacBNPHU axxxbV181p1 aValle Rivera, Lillian.96918610aPuerto Rico Madreperla :b40 sonetos para contar una historia de amor /cLillian Valle Rivera.10aPuerto Rico madreperlabcuarenta sonetos para contar una historia de amor aSan Juan, Puerto Rico :bIsla Negra,c2013. a131 p. ;c22 cm.1 aJosemilio González aIncluye datos biográficos de la autora en la solapa de la cubierta. 0aJosemilio González96541 001050718MOaGRbGRcCTd2013-11-18iLF1l0oxxx V181pp42180-30r2020-06-25te. 3w2020-06-25y1ZNo se presta 001050718MOaPDbPDcCTd2013-11-18iLF1l0oxxx V181pp42180-10r2020-06-25w2020-06-25y1ZNo se presta 001050718MOaPDbPDcCTd2013-11-18iLF1l0oxxx V181pp42180-20r2020-06-25te. 2w2020-06-25y1ZNo se presta c41669d41669